| 000 | 02919cam a22005537a 4500 | ||
|---|---|---|---|
| 003 | CHAP | ||
| 005 | 20220329140843.0 | ||
| 008 | 971013s1962 r 00010 d | ||
| 010 | _a58668 | ||
| 011 | _a59640 | ||
| 035 | _a63800 | ||
| 040 | _cCHAP | ||
| 082 |
_a917.2 _bT35 1962 |
||
| 100 | 0 | 0 |
_aTamayo, Jorge L. _9111549 |
| 245 | 0 | _aGeografía general de México | |
| 250 | _a2 ed | ||
| 260 |
_aMéxico, D. F. : _bInstituto Mexicano de Investigaciones Económicas, _c1962 |
||
| 300 |
_a4 v. _b: ilus. |
||
| 505 | _aContenido : v.1-2 Geografía física -- v.3 Geografía biológica y humana -- v.4 Geografía económica -- v.5 Atlas geográfico general de México | ||
| 590 |
_aBATCH-UPD _b10 _c20130110 _lUCH01 _h1932 |
||
| 590 |
_aBATCH-UPD _b10 _c20130410 _lUCH01 _h1257 |
||
| 590 |
_aBATCH-UPD _b10 _c20130914 _lUCH01 _h1827 |
||
| 590 |
_aCONVERSION _b10 _c20130109 _lUCH01 _h1331 |
||
| 650 | 1 | 4 |
_aMéxico _xGeografía. _976748 |
| 650 | 1 | 4 |
_aMéxico _xMapas. _976780 |
| 901 | _aBK | ||
| 942 | _cLIBRO | ||
| 949 |
_a917.2 T35 1962 _bBC _cC _d33724000906434 _eC _fv.4 _h25758 _i63800 _si |
||
| 949 |
_a917.2 T35 1962 _bBC _cESP _d33724000698171 _eESP _fv.3 c.5 _h51721 _i63800 _mUnico ejemplar completo, por eso esta en col. especial _sb |
||
| 949 |
_a917.2 T35 1962 _bBC _cLIBRO _d-137659 _eLIBRO _fv.2 _h26103 _i63800 _mLe falta mapa _si |
||
| 949 |
_a917.2 T35 1962 _bBC _cLIBRO _d-137671 _eLIBRO _fv.3 c.2 _h25755 _i63800 _si |
||
| 949 |
_a917.2 T35 1962 _bBC _cLIBRO _d-137677 _eLIBRO _fAtlas _h51723 _i63800 _si |
||
| 949 |
_a917.2 T35 1962 _bBC _cLIBRO _d-137678 _eLIBRO _fAtlas c.2 _h28316 _i63800 _si |
||
| 949 |
_a917.2 T35 1962 _bBC _cLIBRO _d33724000128377 _eLIBRO _fv.3 c.3 _h25756 _i63800 _si |
||
| 949 |
_a917.2 T35 1962 _bBC _cLIBRO _d33724000128385 _eLIBRO _fv.4 c.3 _h25760 _i63800 _si |
||
| 949 |
_a917.2 T35 1962 _bBC _cLIBRO _d33724000128393 _eLIBRO _fv.4 c.2 _h25759 _i63800 _si |
||
| 949 |
_a917.2 T35 1962 _bBC _cLIBRO _d33724000128401 _eLIBRO _fv.4 c.4 _h26102 _i63800 _si |
||
| 949 |
_a917.2 T35 1962 _bBC _cLIBRO _d33724000658944 _eLIBRO _fv.1 c.3 _h25750 _i63800 _si |
||
| 949 |
_a917.2 T35 1962 _bBC _cLIBRO _d33724000685053 _eLIBRO _fv.2 c.4 _h25754 _i63800 _mLe falta mapa _si |
||
| 949 |
_a917.2 T35 1962 _bBC _cLIBRO _d33724000789723 _eLIBRO _fv.1 c.2 _h25749 _i63800 _si |
||
| 949 |
_a917.2 T35 1962 _bBC _cLIBRO _d33724000906889 _eLIBRO _fv.2 c.5 _h51720 _i63800 _mLe falta mapa _si |
||
| 949 |
_a917.2 T35 1962 _bBC _cLIBRO _d33724000912002 _eLIBRO _fv.2 c.3 _h25753 _i63800 _mLe falta mapa _si |
||
| 949 |
_a917.2 T35 1962 _bBC _cLIBRO _d33724000913786 _eLIBRO _fv.3 c.4 _h25757 _i63800 _si |
||
| 949 |
_a917.2 T35 1962 _bBC _cMUT _d-137658 _eMUT _fv.1 _h26102 _i63800 _si |
||
| 949 |
_a917.2 T35 1962 _bBC _cMUT _d-137660 _eMUT _fv.3 _h26104 _i63800 _si |
||
| 949 |
_a917.2 T35 1962 _bBC _cMUT _d-137667 _eMUT _fv.1 c.4 _h25751 _i63800 _si |
||
| 949 |
_a917.2 T35 1962 _bBC _cMUT _d-137674 _eMUT _fv.1 c.5 _h51719 _i63800 _si |
||
| 949 |
_a917.2 T35 1962 _bBC _cMUT _d-137676 _eMUT _fv.4 c.5 _h51722 _i63800 _si |
||
| 999 |
_c58668 _d58668 |
||